Nad Niemnem /
Wedi'i Gadw mewn:
| Prif Awdur: | |
|---|---|
| Awdur Corfforaethol: | |
| Awduron Eraill: | , |
| Fformat: | Llyfr |
| Iaith: | Pwyleg |
| Cyhoeddwyd: |
Kraków :
Wydawnictwo Greg,
2003.
|
| Cyfres: | Lektura (Greg)
|
| Pynciau: | |
| Tagiau: |
Dim Tagiau, Byddwch y cyntaf i dagio'r cofnod hwn!
|
MARC
| LEADER | 00000cam a2200000 i 4500 | ||
|---|---|---|---|
| 001 | 991052825887105066 | ||
| 005 | 20260515100513.0 | ||
| 008 | 090424s2003 pl a |001 f pol c | ||
| 009 | b0000020048691 | ||
| 015 | |a UWD 2021/9031 | ||
| 020 | |a 8373272313 |q (oprawa twarda) | ||
| 035 | |a (LUBL_M)LUBL_M113223-48omnis_mpl | ||
| 035 | |a (PUBLU)vtls000113223 | ||
| 035 | |a xx001337438 | ||
| 035 | |a (OCoLC)750522775 | ||
| 035 | |a (PL)b0000020048691 | ||
| 035 | |a (EXLNZ-48OMNIS_NETWORK)9910920792805606 | ||
| 040 | |a LUBL M |c LUBL M |d WA N | ||
| 041 | 0 | |a pol | |
| 045 | 2 | |b d1886 |b d1887 | |
| 046 | |k 1887 | ||
| 080 | |8 1.1\x |a 821.162.1-3 | ||
| 080 | |8 1.2\x |a 821.162.1(091)-3"18" | ||
| 080 | |8 1.3\x |a (075.3-021.66) | ||
| 084 | |a 04 | ||
| 100 | 1 | |a Orzeszkowa, Eliza |d (1841-1910) |e Autor | |
| 245 | 1 | 0 | |a Nad Niemnem / |c Eliza Orzeszkowa ; [autor opracowania: Anna Popławska ; ilustracje: Jolanta Adamus Ludwikowska]. |
| 260 | |a Kraków : |b Wydawnictwo Greg, |c 2003. | ||
| 300 | |a 399 stron : |b ilustracje ; |c 21 cm. | ||
| 336 | |a Tekst |b txt |2 rdacontent | ||
| 337 | |a Bez urządzenia pośredniczącego |b n |2 rdamedia | ||
| 338 | |a Wolumin |b nc |2 rdacarrier | ||
| 380 | |a Książki | ||
| 380 | |a Proza | ||
| 380 | |a Publikacje dydaktyczne | ||
| 385 | |m Poziom nauczania |a Szkoły średnie | ||
| 385 | |m Poziom nauczania |a Klasa 1. | ||
| 385 | |m Poziom nauczania |a Klasa 2. | ||
| 385 | |m Poziom nauczania |a Klasa 3. | ||
| 385 | |m Poziom nauczania |a Klasa 4. | ||
| 386 | |m Przynależność kulturowa |a Literatura polska | ||
| 388 | 1 | |a 1801-1900 | |
| 490 | 1 | |a Lektury Grega | |
| 500 | |a Na stronie tytułowej: Notatki na marginesie, cytaty, które warto znać, streszczenie. | ||
| 504 | |a Indeks. | ||
| 600 | 1 | 7 | |a Orzeszkowa, Eliza |d (1841-1910). |t Nad Niemnem |2 DBN |
| 648 | 7 | |a 1801-1900 |2 DBN | |
| 650 | 7 | |a Język polski (przedmiot szkolny) |2 DBN | |
| 650 | 7 | |a Literatura polska |2 DBN | |
| 650 | 7 | |a Mezalians |2 DBN | |
| 650 | 7 | |a Powieść |2 DBN | |
| 650 | 7 | |a Powstanie styczniowe (1863-1864) |2 DBN | |
| 650 | 7 | |a Szlachta drobna |2 DBN | |
| 651 | 7 | |a Zabór rosyjski |2 DBN | |
| 655 | 7 | |a Lektura z opracowaniem |2 DBN | |
| 655 | 7 | |a Powieść |2 DBN | |
| 658 | |a Edukacja i pedagogika | ||
| 658 | |a Literaturoznawstwo | ||
| 700 | 1 | |a Popławska, Anna |c (filolożka) |e Opracowanie | |
| 700 | 1 | |a Ludwikowska, Jolanta |d (1962- ) |e Ilustracje | |
| 710 | 2 | |a Wydawnictwo Greg |e Wydawca |4 pbl | |
| 830 | 0 | |a Lektura (Greg) |1 t 00060174 | |
| 942 | |2 ddc |c BK |n 0 | ||
| 952 | |0 0 |1 0 |2 ddc |4 0 |6 W__1_000000000000000 |7 0 |9 21 |a WRO |b WRO |d 2026-04-11 |e da |g 10.00 |i WRO-001 |l 0 |o W.1 |p 2000100000014 |r 2026-04-11 20:24:32 |v 10.00 |w 2026-04-11 |y BK | ||
| 999 | |c 21 |d 21 | ||